| 000 | 00590nam a2200193 a 4500 | ||
|---|---|---|---|
| 005 | 20230615063550.0 | ||
| 008 | 050216s2000 mx r 000 0 spa d | ||
| 020 | _a849521248X | ||
| 035 | _aUPN01000137467 | ||
| 049 | _aCG | ||
| 050 | 4 |
_aHM716 _bC3.2 |
|
| 100 | 1 | _aCanto Ortiz, Jesús M. | |
| 245 | 1 | 0 |
_aDinámica de grupos : _baspectos técnicos, ámbitos de intervención y fundamentos teóricos / _cJesús M. Canto Ortiz. |
| 260 |
_aMálaga, Esp. : _bAljibe, _c2000. |
||
| 300 | _a128 p. | ||
| 440 | 0 | _aMonográficos Aljibe | |
| 650 | 4 |
_aDinámica de grupos _96712 |
|
| 905 | _aLibro | ||
| 999 |
_c109618 _d109618 |
||